00979nas a2200217 4545000010006000000050017000060080037000230030015000600400040000750800036001152450081001510220014002322640054002463100191003001000034004917000016005256500036005416500031005776500029006088560124006372059920260407193506.0260407s1967####ag###########|||spa#dAR-UNSa-BCEJYS aAR-UNSa-BCEJYSbspacAR-UNSa-BCEJYS a339.7xFinanzas Internacionales10aInternational financial statisticsnEstadisticas financieras internacionales a0020-6725 1aWashington :bFondo Monetario Internacionalc1967 aFrecuencia: Mensual Port: títulos y texto en español Port: titres et texte en francais Cambia de Director a partir del Vol. XXXI, Nº 2 por Werner Dannemann Cambio de ISSN: 0252-30781 aFondo Monetario Internacional1 aHicks, Earl aSistema monetario internacional aEstadísticas financieras aFINANZAS INTERNACIONALES41uhttps://biblioeco.unsa.edu.ar/pmb/images/revistas/International Financial Statistics.jpgyImagen de portadaqimage/jpeg